[Event "Cannes op 26th"]
[Site "Cannes"]
[Date "2014.07.10"]
[Round "6"]
[White "Venner, Laurent"]
[Black "Debray, Christopher"]
[Result "1/2-1/2"]
[WhiteElo "2044"]
[BlackElo "2344"]
[PlyCount "57"]
[EventDate "2014.07.07"]
[EventType "swiss"]
[EventRounds "9"]
[EventCountry "FRA"]
[SourceTitle "EXT 2015"]
[Source "ChessBase"]
[SourceDate "2014.11.20"]
[SourceVersion "1"]
[SourceVersionDate "2014.11.20"]
[SourceQuality "1"]

1. Nf3 d5 2. g3 Nc6 3. Bg2 Bg4 4. 0-0 e6 5. d3 Nf6 6. Nbd2 Be7 7. h3 Bh5 8. Qe1 0-0 9. e4 Nb4 10. Qd1 c5 11. g4 Bg6 12. Ne5 Nc6 13. Nxc6 bxc6 14. f4 dxe4 15. dxe4 Qd4+ 16. Kh2 Rad8 17. c3 Qd3 18. f5 Bd6+ 19. Kh1 Qg3 20. Nf3 Nxe4 21. fxg6 fxg6 22. Kg1 Bc7 23. Qc2 Rxf3 24. Rxf3 Qh2+ 25. Kf1 Ng3+ 26. Kf2 Nh1+ 27. Kf1 Ng3+ 28. Kf2 Nh1+ 29. Kf1 1/2-1/2

[Event "Cannes op 26th"]
[Site "Cannes"]
[Date "2014.07.08"]
[Round "2"]
[White "Venner, Laurent"]
[Black "Afraoui, Anaelle"]
[Result "1-0"]
[WhiteElo "2044"]
[BlackElo "1838"]
[PlyCount "65"]
[EventDate "2014.07.07"]
[EventType "swiss"]
[EventRounds "9"]
[EventCountry "FRA"]
[SourceTitle "EXT 2015"]
[Source "ChessBase"]
[SourceDate "2014.11.20"]
[SourceVersion "1"]
[SourceVersionDate "2014.11.20"]
[SourceQuality "1"]

1. Nf3 Nf6 2. g3 g6 3. Bg2 Bg7 4. 0-0 0-0 5. d3 d5 6. Nbd2 c5 7. e4 Nc6 8. c3 Bg4 9. h3 Bxf3 10. Qxf3 Ne5 11. Qe2 d4 12. c4 Nh5 13. Kh2 Nc6 14. f4 e5 15. f5 Nb4 16. Nf3 gxf5 17. exf5 e4 18. Ng5 Nxg3 19. Kxg3 Be5+ 20. Kg4 e3 21. a3 Nc6 22. Bd5 h6 23. Ne4 Kh7 24. Kh5 Bg3 25. f6 Rg8 26. Qf3 e2 27. Qxe2 Qd7 28. Qg2 Bf4 29. Qf3 Qf5+ 30. Kh4 Bg5+ 31. Nxg5+ hxg5+ 32. Kg3 Qe5+ 33. Kg2 1-0

[Event "FRA-chT1 1011"]
[Site "France"]
[Date "2010.11.13"]
[Round "2.6"]
[White "Gagner, Nicolas"]
[Black "Venner, Laurent"]
[Result "1/2-1/2"]
[WhiteElo "2064"]
[BlackElo "1980"]
[PlyCount "49"]
[EventDate "2010.10.17"]
[EventType "team-tourn"]
[EventRounds "11"]
[EventCountry "FRA"]
[SourceTitle "EXT 2012"]
[Source "ChessBase"]
[SourceDate "2011.11.24"]
[SourceVersion "1"]
[SourceVersionDate "2011.11.24"]
[SourceQuality "1"]

1. e4 e6 2. d4 d5 3. Nc3 dxe4 4. Nxe4 Bd7 5. Nf3 Bc6 6. Ned2 Nd7 7. Bd3 Ngf6 8. 0-0 Be7 9. c4 0-0 10. Qc2 h6 11. Re1 Bxf3 12. Nxf3 c6 13. Qe2 Qa5 14. Ne5 Rfe8 15. Bf4 c5 16. Nxd7 Nxd7 17. Be5 Bf6 18. Qe4 g6 19. Bxf6 Nxf6 20. Qe5 Nd7 21. Qf4 cxd4 22. Qxd4 Rad8 23. Bc2 Nb6 24. Qf6 Nxc4 25. Bxg6 1/2-1/2

[Event "FRA-chT1 1011"]
[Site "France"]
[Date "2010.10.17"]
[Round "1.5"]
[White "Calin, Miguel"]
[Black "Venner, Laurent"]
[Result "0-1"]
[WhiteElo "2026"]
[BlackElo "1971"]
[PlyCount "56"]
[EventDate "2010.10.17"]
[EventType "team-tourn"]
[EventRounds "11"]
[EventCountry "FRA"]
[SourceTitle "EXT 2012"]
[Source "ChessBase"]
[SourceDate "2011.11.24"]
[SourceVersion "1"]
[SourceVersionDate "2011.11.24"]
[SourceQuality "1"]

1. d4 d5 2. Nf3 c6 3. e3 e6 4. Bd3 f5 5. Ne5 Nf6 6. Nd2 Bd6 7. b3 0-0 8. Bb2 a5 9. 0-0 a4 10. c4 a3 11. Bc3 Bd7 12. f3 Be8 13. Qe1 Nbd7 14. e4 dxe4 15. Nxd7 Qxd7 16. fxe4 e5 17. Nf3 fxe4 18. Bxe4 Nxe4 19. Qxe4 Bg6 20. Qh4 Bd3 21. Rfe1 Rf4 22. Qg5 e4 23. Ne5 Bxe5 24. dxe5 Rg4 25. Qh5 Rg6 26. Re3 Rf8 27. Rae1 Qf7 28. Qh4 Rg4 0-1

[Event "FRA-chT2C 0506"]
[Site "France"]
[Date "2006.02.05"]
[Round "7.4"]
[White "Suarez Real, Alberto"]
[Black "Venner, Laurent"]
[Result "1-0"]
[WhiteElo "2369"]
[BlackElo "2071"]
[PlyCount "67"]
[EventDate "2005.10.27"]
[EventType "team"]
[EventRounds "11"]
[EventCountry "FRA"]
[SourceTitle "EXT 2006"]
[Source "ChessBase"]
[SourceDate "2005.11.24"]
[SourceVersion "1"]
[SourceVersionDate "2005.11.24"]
[SourceQuality "1"]
[WhiteTeam "Nice II"]
[WhiteTeamCountry "FRA"]

1. e4 e5 2. Nf3 Nc6 3. d4 exd4 4. Nxd4 Nf6 5. Nxc6 bxc6 6. e5 Qe7 7. Qe2 Nd5 8. c4 Ba6 9. b3 0-0-0 10. g3 g5 11. Bg2 Bg7 12. Bb2 Rde8 13. 0-0 Bxe5 14. Qxe5 Qxe5 15. Bxe5 Rxe5 16. cxd5 Bxf1 17. Kxf1 cxd5 18. Nc3 c6 19. Rc1 Kb7 20. Na4 d6 21. Nb2 Rhe8 22. Bf3 a5 23. Nd3 R5e7 24. b4 a4 25. b5 cxb5 26. Bxd5+ Kb8 27. Nb4 Re4 28. Nc6+ Kb7 29. Ne7+ Kb6 30. Rc6+ Ka5 31. Bxe4 Rxe7 32. Bxh7 b4 33. Bd3 b3 34. a3 1-0

[Event "Condom op 4th"]
[Site "Condom"]
[Date "2005.07.15"]
[Round "8"]
[White "Venner, Laurent"]
[Black "Marciniak, Alexandre"]
[Result "1-0"]
[WhiteElo "2077"]
[BlackElo "2193"]
[PlyCount "31"]
[EventDate "2005.07.09"]
[EventType "swiss"]
[EventRounds "9"]
[EventCountry "FRA"]
[SourceTitle "CBM 107 Extra"]
[Source "ChessBase"]
[SourceDate "2005.09.01"]
[SourceVersion "1"]
[SourceVersionDate "2005.09.01"]
[SourceQuality "1"]

1. e4 c5 2. Nf3 Nc6 3. Bb5 e5 4. 0-0 Nge7 5. Re1 g6 6. c3 Bg7 7. d4 cxd4 8. cxd4 exd4 9. e5 d6 10. Bg5 Be6 11. Nxd4 Qb6 12. Bxe7 dxe5 13. Nxe6 Kxe7 14. Bxc6 fxe6 15. Qd7+ Kf6 16. Qxb7 1-0

[Event "Nice op 20th"]
[Site "Nice"]
[Date "2004.12.??"]
[Round "4"]
[White "Venner, Laurent"]
[Black "Saleh, Nabil"]
[Result "0-1"]
[WhiteElo "2044"]
[BlackElo "2284"]
[PlyCount "66"]
[EventDate "2004.12.26"]
[EventType "swiss"]
[EventRounds "7"]
[EventCountry "FRA"]
[SourceTitle "CBM 104 Extra"]
[Source "ChessBase"]
[SourceDate "2005.03.01"]
[SourceVersion "1"]
[SourceVersionDate "2005.03.01"]
[SourceQuality "1"]

1. e4 Nf6 2. Nc3 d5 3. e5 Nfd7 4. e6 fxe6 5. d4 g6 6. Nf3 Bg7 7. Bf4 c5 8. Nb5 Na6 9. Qd2 cxd4 10. Nbxd4 Nac5 11. Ng5 Qb6 12. Nb5 0-0 13. c3 Ne5 14. Be3 Ng4 15. Bf4 Bd7 16. Bc7 Qc6 17. Bg3 e5 18. f3 Nh6 19. 0-0-0 e6 20. h4 a6 21. Na3 b5 22. Nc2 Nf5 23. Bf2 a5 24. g4 Nd6 25. h5 b4 26. hxg6 h6 27. cxb4 axb4 28. Qxb4 d4 29. Nh7 Rfb8 30. Qe1 Rxa2 31. Bc4 Nxc4 32. Nb4 Ra1+ 33. Kc2 Qa4+ 0-1

[Event "FRA-chT3"]
[Site "France"]
[Date "2001.??.??"]
[Round "8"]
[White "Guigon, Olivier"]
[Black "Venner, Laurent"]
[Result "0-1"]
[WhiteElo "2060"]
[BlackElo "1760"]
[PlyCount "81"]
[EventDate "2001.??.??"]
[EventType "team"]
[EventRounds "9"]
[EventCountry "FRA"]
[SourceTitle "EXT 2003"]
[Source "ChessBase"]
[SourceDate "2002.11.25"]
[SourceVersion "1"]
[SourceVersionDate "2002.11.25"]
[SourceQuality "1"]

1. e4 d5 2. exd5 Qxd5 3. Nc3 Qa5 4. Bc4 Nf6 5. d4 Bf5 6. Qf3 c6 7. Bd2 e6 8. d5 Bg4 9. Qf4 Bb4 10. dxe6 Bxe6 11. Bxe6 fxe6 12. Nf3 0-0 13. 0-0 Kh8 14. a3 Bxc3 15. Bxc3 Qf5 16. Qc7 Nbd7 17. Qxb7 c5 18. Rad1 e5 19. Ne1 e4 20. f3 e3 21. Rd3 Qe6 22. f4 c4 23. f5 Qe8 24. Rd6 Nc5 25. Qc6 Nce4 26. Qxe8 Raxe8 27. Re6 Nxc3 28. bxc3 Ne4 29. g4 e2 30. Rf3 Ng5 31. Ree3 Nxf3+ 32. Rxf3 Re4 33. h3 Rfe8 34. Kf2 Kg8 35. a4 Kf7 36. a5 a6 37. g5 R8e5 38. f6 Rxg5 39. h4 Rxa5 40. Rg3 gxf6 41. Nf3 0-1

[Event "FRA-chT3"]
[Site "France"]
[Date "2001.??.??"]
[Round "9"]
[White "Venner, Laurent"]
[Black "Bizat, Michel"]
[Result "1-0"]
[WhiteElo "1960"]
[BlackElo "2090"]
[PlyCount "68"]
[EventDate "2001.??.??"]
[EventType "team"]
[EventRounds "9"]
[EventCountry "FRA"]
[SourceTitle "EXT 2003"]
[Source "ChessBase"]
[SourceDate "2002.11.25"]
[SourceVersion "1"]
[SourceVersionDate "2002.11.25"]
[SourceQuality "1"]

1. d4 Nf6 2. c4 c5 3. d5 b5 4. cxb5 a6 5. bxa6 g6 6. Nc3 Bxa6 7. f4 Bg7 8. Nf3 d6 9. e4 Qa5 10. Bd2 0-0 11. Bxa6 Qxa6 12. Qe2 Nbd7 13. Qxa6 Rxa6 14. 0-0 Nb6 15. Rad1 Na4 16. e5 dxe5 17. fxe5 Ng4 18. Nxa4 Rxa4 19. Rfe1 Rxa2 20. Bc3 Rd8 21. h3 Nh6 22. d6 exd6 23. exd6 Bxc3 24. bxc3 Nf5 25. d7 Ng7 26. Rd6 Ra7 27. Ne5 Nf5 28. Rf6 Raxd7 29. Nxd7 Rxd7 30. Re8+ Kg7 31. Rc6 Rd2 32. Rxc5 Nh4 33. Rc4 g5 34. Rg4 h6 1-0

[Event "Metz op 10th"]
[Site "Metz"]
[Date "1992.??.??"]
[Round "?"]
[White "Eingorn, Vereslav S"]
[Black "Venner, Laurent"]
[Result "1-0"]
[WhiteElo "2590"]
[BlackElo "1750"]
[PlyCount "49"]
[EventDate "1992.03.??"]
[EventType "swiss"]
[EventRounds "9"]
[EventCountry "FRA"]
[SourceTitle "EXT 2007"]
[Source "ChessBase"]
[SourceDate "2006.11.23"]
[SourceVersion "1"]
[SourceVersionDate "2006.11.23"]
[SourceQuality "1"]

1. d4 Nf6 2. Nf3 e6 3. c4 d5 4. Bg5 Be7 5. Nc3 Nbd7 6. e3 0-0 7. Rc1 a6 8. c5 c6 9. Bd3 Re8 10. h3 Nh5 11. Bxe7 Qxe7 12. 0-0 Nhf6 13. Re1 e5 14. e4 Nxe4 15. Bxe4 dxe4 16. Nxe4 f6 17. Nd6 Rf8 18. Qb3+ Kh8 19. Qe3 b5 20. dxe5 Ra7 21. e6 Nb8 22. Nh4 g6 23. Qh6 Kg8 24. Nxg6 hxg6 25. Qxg6+ 1-0